01165nam a2200301 a 4500001001000000003000900010005001700019007000300036008004100039020001500080040002500095082002500120245004800145260008000193300002800273500005300301500006400354500005900418504003300477590002600510600004900536650004400585650004600629910003700675942001400712952012000726999001700846000029402DO-SdBNP20221018105431.0ta110415s2006 dr a 001 0dspa d z9945859609 aDO-SdBNPbspacBNPHU 4a759.97293bM839y22200aYoryi Morel :bautonomía y trascendencia. aSantiago de los Caballeros, República Dominicana :bCentro León,c2006. a231 p. :bil. ;c25 cm. aIncluye cronología de Yoryi Morel: p. 214-221. aIncluye síntesis biográfica de Yoryi Morel: p. 222-223. aIncluye catálogo de obras de Yoryi Morel: p.224-229. aBibliografía : p. 230-231. aInventariado, 2018/LP14aMOREL, YORYI, 1906-1979xEXPOSICIONES956274 4aPintura dominicanaxExposiciones955174 4aPintores dominicanosxExposiciones954390 aValidado. Control de calidad EMS 2ddccLBS1 00102ddc51708PDaBNPHUbBNPHUcHDd2011-04-15oBNPHU PD 759.97293 M839yp29402-10r2020-06-25w2020-06-25yLBS1 c28894d28894